[Event "Morava-ch U14"]
[Site "Bystrice nad Pernstejnem"]
[Date "2024.10.26"]
[Round "1"]
[White "Kala, Jakub"]
[Black "Kiedron, Krystian"]
[Result "1-0"]
[WhiteElo "1899"]
[BlackElo "1498"]
[PlyCount "33"]
[EventDate "2024.10.26"]
[EventType "swiss"]
[EventRounds "9"]
[EventCountry "CZE"]
[SourceTitle "CB45_2024"]
[Source "ChessBase"]
[SourceDate "2024.11.06"]
[SourceVersion "1"]
[SourceVersionDate "2024.11.06"]
[SourceQuality "1"]

1. Nf3 d5 2. c4 Bf5 3. cxd5 Qxd5 4. Nc3 Qc5 5. e4 Bg4 6. d4 Bxf3 7. Qa4+ Qc6 8. Bb5 Qxb5 9. Qxb5+ c6 10. Qxb7 f6 11. Qxa8 Kf7 12. gxf3 Nh6 13. Bxh6 gxh6 14. Qxb8 Bg7 15. Qb3+ Kf8 16. d5 cxd5 17. 0-0-0 1-0